Spolupráce mateřské školy se školským poradenským zařízením / Marie Najmonová, Martina Lietavcová, Miluše Vítečková
Record details
- ISBN: 978-80-88429-75-3
- Physical Description: 94 stran ; 21 cm
- Edition: Vydání první
- Publisher: V Praze : Pasparta, 2023
Content descriptions
| Bibliography, etc. Note: | Obsahuje bibliografii a bibliografické odkazy |
Search for related items by subject
| Genre: | kolektivní monografie případové studie collective monographs case studies |
Available copies
- 1 of 1 copy available at Common Catalog SPOK.
Holds
- 0 current holds with 1 total copy.
Show Only Available Copies
| Location | Call Number / Copy Notes | Barcode | Shelving Location | Status | Due Date |
|---|---|---|---|---|---|
| Jabok Library | Ped-4.3 | 424480045384 | Odborná literatura | Available | - |
| LDR | 02449cam a2200625 i 4500 | ||
|---|---|---|---|
| 001 | 56820 | ||
| 003 | CZ-PrJAB | ||
| 005 | 20231114114044.0 | ||
| 007 | ta | ||
| 008 | 230831s2023 xr f 000 0 cze d | ||
| 015 | . | ‡acnb003550131 | |
| 020 | . | ‡a978-80-88429-75-3 ‡q(brožováno) | |
| 035 | . | ‡a(CZ PrNK)nkc20233550131 | |
| 040 | . | ‡aULG001 ‡bcze ‡dBOA001 ‡erda | |
| 072 | 7. | ‡a376 ‡xVýchova a vzdělávání zvláštních skupin osob ‡2Konspekt ‡922 | |
| 080 | . | ‡a373.24 ‡2MRF | |
| 080 | . | ‡a376.04 ‡2MRF | |
| 080 | . | ‡a316.344.6-056.26/.3-053.2 ‡2MRF | |
| 080 | . | ‡a316.346.32-053.2-058.5 ‡2MRF | |
| 080 | . | ‡a316.346.32-053.2(=1/=9) ‡2MRF | |
| 080 | . | ‡a37.048:364-52 ‡2MRF | |
| 080 | . | ‡a376.1 ‡2MRF | |
| 080 | . | ‡a(048.8:082) ‡2MRF | |
| 080 | . | ‡a(078.7) ‡2MRF | |
| 100 | 1 | . | ‡aNajmonová, Marie, ‡d1975- ‡7xx0244196 ‡4aut |
| 245 | 1 | 0. | ‡aSpolupráce mateřské školy se školským poradenským zařízením / ‡cMarie Najmonová, Martina Lietavcová, Miluše Vítečková |
| 250 | . | ‡aVydání první | |
| 264 | 1. | ‡aV Praze : ‡bPasparta, ‡c2023 | |
| 300 | . | ‡a94 stran ; ‡c21 cm | |
| 336 | . | ‡atext ‡btxt ‡2rdacontent | |
| 337 | . | ‡abez média ‡bn ‡2rdamedia | |
| 338 | . | ‡asvazek ‡bnc ‡2rdacarrier | |
| 504 | . | ‡aObsahuje bibliografii a bibliografické odkazy | |
| 650 | 0 | 7. | ‡amateřské školy ‡7ph122683 ‡2czenas |
| 650 | 0 | 7. | ‡aspeciální vzdělávací potřeby ‡7ph754025 ‡2czenas |
| 650 | 0 | 7. | ‡aděti se zdravotním postižením ‡7ph116745 ‡2czenas |
| 650 | 0 | 7. | ‡aděti se sociálním znevýhodněním ‡7ph891704 ‡2czenas |
| 650 | 0 | 7. | ‡aděti s odlišným mateřským jazykem ‡7ph1190972 ‡2czenas |
| 650 | 0 | 7. | ‡apedagogicko-psychologické poradny ‡7ph182928 ‡2czenas |
| 650 | 0 | 7. | ‡aspeciálněpedagogická centra ‡7ph125889 ‡2czenas |
| 650 | 0 | 9. | ‡akindergartens ‡2eczenas |
| 650 | 0 | 9. | ‡aspecial educational needs ‡2eczenas |
| 650 | 0 | 9. | ‡achildren with disabilities ‡2eczenas |
| 650 | 0 | 9. | ‡achildren with social disadvantage ‡2eczenas |
| 650 | 0 | 9. | ‡achildren with a different native language ‡2eczenas |
| 650 | 0 | 9. | ‡aassessment centers (education) ‡2eczenas |
| 650 | 0 | 9. | ‡aspecial education centers ‡2eczenas |
| 655 | 7. | ‡akolektivní monografie ‡7fd501537 ‡2czenas | |
| 655 | 7. | ‡apřípadové studie ‡7fd133208 ‡2czenas | |
| 655 | 9. | ‡acollective monographs ‡2eczenas | |
| 655 | 9. | ‡acase studies ‡2eczenas | |
| 700 | 1 | . | ‡aLietavcová, Martina ‡7mzk2015876283 ‡4aut |
| 700 | 1 | . | ‡aVítečková, Miluše, ‡d1975- ‡7xx0010719 ‡4aut |
| 910 | . | ‡aABG312 | |
| 995 | . | ‡aska | |
| 901 | . | ‡a56820 ‡bAUTOGEN ‡c56820 ‡tbiblio | |